000 00943nam0a2200265 4500
001 RU\NLR\ONL1\14926
005 20260406064320.0
035 _a(NLR Aleph) 009643667
090 _a9556671
_c9556671
100 _a20090804d1940 |||y0rusy50 ca
101 1 _amdf
_crus
102 _aRU
105 _aa |||||||||
200 1 _aЧасовойхть
_fЮрий Герман
_gрис. Ец Иосифонь
_g[пер. М. П. Дмитриевой]
210 _aМ.
_aЛ.
_cДетиздат
_d1940
215 _a56 с.
_cил.
_d20
541 1 _aЧасовые
_eдля дошк.возраста
_zrus
686 1 _aШ9(2)672=Морд(Р)-4
700 1 _4070
_8rus
_7ca
_aГерман
_bЮ. П.
_gЮрий Павлович
_f1910-1967
_3RU\NLR\auth\7723896
_96949
702 1 _aЕц
_bИ. М.
_gИосиф Михайлович
_4440
801 0 _aRU
_bNLR
_c20090804
_gPSBO
852 _aNLR
_bОНЛ
_jМорд.м./2-1314
942 _cBOOK
980 _aNB